Indicadores del desarrollo económico y social en América Latina

Guardado en:
Detalles Bibliográficos
Autores Corporativos: CEPAL (Autor), ONU (Autor)
Formato: Libro
Lenguaje:español
Publicado: Santiago ONU 1976
Edición:2a. ed
Colección:Cuadernos de la CEPAL
Materias:
Etiquetas: Agregar Etiqueta
Sin Etiquetas, Sea el primero en etiquetar este registro!

MARC

LEADER 00000nam a2200000 a 4500
001 UCR9313
003 CL-VaPUC
008 980613e19760000CL |||||||||||||||||spa|d
082 0 4 |a 338.98  |b CEP  |2 21 
110 2 |a CEPAL  |e author  |9 411706 
710 2 |a ONU  |e author  |9 411707 
245 1 0 |a Indicadores del desarrollo económico y social en América Latina 
250 |a 2a. ed 
300 |a 179 p 
942 |c BK 
945 |d 19980613 00:00:00  |a crobeson 
260 |a Santiago  |b ONU  |c 1976 
650 0 |a Desarrollo económico y social   |9 256320 
650 7 |a INDICADORES ECONOMICOS  |2 CL-VaPUC  |9 307122 
650 0 |a Condiciones económicas  |9 258255 
650 0 |a Análisis económico  |9 259939 
650 0 |a Crecimiento económico   |9 314037 
650 7 |a COMERCIO INTERNACIONAL  |2 CL-VaPUC  |9 411708 
650 7 |a FINANCIAMIENTO EXTERNO  |2 CL-VaPUC  |9 358996 
651 0 |a América Latina   |9 255027 
583 |a last modification  |c 19980613 00:00:00  |k Rodrigo Vera 
490 0 |a Cuadernos de la CEPAL 
999 |c 270512  |d 270510 
952 |0 0  |1 0  |4 0  |6 338_980000000000000_CEP_1976  |7 0  |8 A  |9 304830  |a BIBGIM  |b BIBGIM  |d 2019-11-20  |i 1409948  |o 338.98 CEP 1976  |p 1409948  |r 2025-01-15  |w 2019-11-20  |y BK  |k SSL